Legislatíva účtovníctva v Európskej únii. 2 Vznik Štvrtej smernice Európskeho spoločenstva

Harmonizácia účtovníctva - jeden z aspektov prispôsobovania právnych predpisov v rámci Európskej únie (EHS). Počiatky v r.1965, smernica vydaná až v r.1978 ako kompromis medzi rôznymi teoretickými a praktickými smermi bilancovania odvodenými od účelu a úloh účtovnej závierky. Zásady použité pri tvor...

Description complète

Enregistré dans:
Détails bibliographiques
Auteur principal: Farkaš, Richard
Format: Chapitre de livre
Langue:slovaque
Sujets:
Tags: Ajouter un tag
Pas de tags, Soyez le premier à ajouter un tag!

MARC

LEADER 00000naa a2200000 4500
001 r016623
005 20221205103248.4
041 0 |a slo 
044 |a SK 
245 1 0 |a Legislatíva účtovníctva v Európskej únii. 2  |b Vznik Štvrtej smernice Európskeho spoločenstva  |c Richard Farkaš 
520 |a Harmonizácia účtovníctva - jeden z aspektov prispôsobovania právnych predpisov v rámci Európskej únie (EHS). Počiatky v r.1965, smernica vydaná až v r.1978 ako kompromis medzi rôznymi teoretickými a praktickými smermi bilancovania odvodenými od účelu a úloh účtovnej závierky. Zásady použité pri tvorbe smernice (ochrana veriteľov, zásada opatrnosti a ochrany akcionára). Porovnanie 1. relevantných rámcových podmienok pre účtovníctvo a bilancovanie a 2. konkrétnych predpisov pre bilancovanie v SRN a angloamerickom regióne. 
610 2 0 |a účtovníctvo 
610 2 0 |a koordinácia 
610 2 0 |a legislatíva 
610 2 0 |a Európska únia 
610 2 0 |a smernice 
610 2 0 |a 1978-1991 
610 2 0 |a bilancie 
610 2 0 |a Nemecko 
610 2 0 |a Veľká Británia 
610 2 0 |a USA 
610 2 0 |a závierka účtovná 
610 2 0 |a bilancie 
100 1 |a Farkaš, Richard